00283nam a2200121Ia 45000030006000000080041000060400015000471000018000622450032000802600020001125460012001320050017001440STCL150530s9999 xx 000 0 und d aSTCLcSTCL aWardlaw, C.W. aPhylogeny and morphogenesis bMacmillanc1952 aEnglish20220125170409.0